000 00780nam a22002417a 4500
001 13125
003 HDC
007 cr bn ---
008 210212 my |0 eneng
040 _aHDC
245 0 _aJournal of Science & Technology in the Tropics
260 _aMALAYSIA :
_bAkademi Sains Malaysia,
_c2009
300 _a83 pages
336 _atext
_2rdacontent
337 _acomputer
_2rdamedia
338 _aonline resource
_2rdacarrier
650 _agreen production
_913956
650 _amanufacturing factories
_913955
856 _zRequest full-text at [email protected]
942 _2lcc
942 _cEBOOK
942 _kEBOK 002075
999 _c10441
_d10441